000 00475nam a2200181Ia 4500
001 1792
005 20260306143754.0
008 260306t2013||||xx |||||||||||||| ||spa||
041 _aESP
082 _a155.4
_bP19
100 _aPalou Vicens, Silvia
_eAUT
245 0 _aSentir y crecer. El crecimiento emocional de la infancia:
_bpropuestas educativas
260 _c2013
300 _a237 páginas :
_c24 cm.
650 _aGEN
654 _aCPS
942 _cLIB
_dJUS
_fJUS
_2ddc
_n
999 _c1792
_d1792